|
|
|
|
| LEADER |
00000nab#a22000007a#4500 |
| 001 |
arbauad030861 |
| 003 |
AR-BaUAD |
| 005 |
20250711112518.0 |
| 008 |
980424|||||||||###||||||b###|0###a|spa|| |
| 040 |
|
|
|a AR-BaUAD
|c AR-BaUAD
|b spa
|
| 100 |
|
|
|a Piscopo, Maria
|
| 245 |
|
|
|a Getting paid for your work /
|c Maria Piscopo;
|
| 500 |
|
|
|a Artículo teórico sobre el pago de trabajos de diseño freelance y temas legales.
|
| 653 |
|
|
|a DISEÑO GRAFICO
|
| 653 |
|
|
|a EJERCICIO PROFESIONAL
|
| 653 |
|
|
|a CLIENTES
|
| 653 |
|
|
|a CONTRATOS
|
| 653 |
|
|
|a PRECIOS
|
| 653 |
|
|
|a COSTOS
|
| 653 |
|
|
|a COPYRIGHT
|
| 653 |
|
|
|a DERECHOS
|
| 653 |
|
|
|a LEYES
|
| 653 |
|
|
|a ESTADOS UNIDOS
|
| 653 |
|
|
|a PRESUPUESTOS
|
| 653 |
|
|
|a TEORIA
|
| 773 |
0 |
|
|t COMMUNICATION ARTS
|g no. 279 [mar.-abr. 1998], p. 42
|
| 942 |
|
|
|c ARTI
|
| 952 |
|
|
|0 0
|1 0
|4 0
|7 0
|9 75780
|a AR-BAuAD
|b AR-BAuAD
|d 2025-07-11
|l 0
|p AAQA030861
|r 2025-07-11 11:25:18
|w 2025-07-11
|y ARTI
|
| 990 |
|
|
|a DG199
|b TD
|
| 998 |
|
|
|a AAQ
|b BIBUN76
|
| 999 |
|
|
|c 55453
|d 55453
|